书目信息 |
| 题名: |
我的法语教室
|
|
| 作者: | 曹淑娟 编著 | |
| 分册: | ||
| 出版信息: | 北京 世界图书出版公司北京公司 2014 |
|
| 页数: | 273页 | |
| 开本: | 21cm | |
| 丛书名: | ||
| 单 册: | ||
| 中图分类: | H32 | |
| 科图分类: | ||
| 主题词: | 法语--Fa Yu--自学参考资料 , 法语--Fa Yu | |
| 电子资源: | ||
| ISBN: | 978-7-5100-6376-3 | |
| 000 | 01096nam0 22002771 450 | |
| 001 | 0101082332 | |
| 005 | 20161202091621.84 | |
| 010 | @a978-7-5100-6376-3@dCNY32.00 | |
| 100 | @a20140208d2014 em y0chiy50 ea | |
| 101 | 0 | @achi@afre |
| 102 | @aCN@b110000 | |
| 105 | @aa z 000yy | |
| 106 | @ar | |
| 200 | 1 | @a我的法语教室@AWo De Fa Yu Jiao Shi@e零起点速学发音、单词、句子、会话@f曹淑娟编著 |
| 210 | @a北京@c世界图书出版公司北京公司@d2014 | |
| 215 | @a273页@c图@d21cm@e附光盘1片 | |
| 300 | @a零起点外语学习系列 | |
| 307 | @a附光盘:ISBN 978-7-88780-151-7 ISRC CN-M46-13-00027 | |
| 330 | @a本书通过巧妙记忆元辅音、实用单词天天背、常用单句开口说、生活用语脱口秀四章,对法语的发音、单词、句子、会话进行讲解。附录中收入法语常用词性缩略语及标点符号、法国地名、法国主要旅游景点等内容。 | |
| 517 | 1 | @a零起点速学发音、单词、句子、会话@ALing Qi Dian Su Xue Fa Yin Dan Ci Ju Zi Hui Hua |
| 606 | 0 | @a法语@AFa Yu@j自学参考资料 |
| 606 | 0 | @a法语@AFa Yu |
| 690 | @aH32@v5 | |
| 701 | 0 | @a曹淑娟@ACao Shu Juan@c(女)@4编著 |
| 801 | 0 | @aCN@bTANGWEI@c20161128 |
| 905 | @b0950115-9@dH32@e115@f5 | |
| 我的法语教室:零起点速学发音、单词、句子、会话/曹淑娟编著.-北京:世界图书出版公司北京公司,2014 |
| 273页:图;21cm+附光盘1片 |
| 零起点外语学习系列 |
| ISBN 978-7-5100-6376-3:CNY32.00 |
| 本书通过巧妙记忆元辅音、实用单词天天背、常用单句开口说、生活用语脱口秀四章,对法语的发音、单词、句子、会话进行讲解。附录中收入法语常用词性缩略语及标点符号、法国地名、法国主要旅游景点等内容。 |
| ● |
| 相关链接 |
|
|
|
|
正题名:我的法语教室
索取号:H32/115
 
预约/预借
| 序号 | 登录号 | 条形码 | 馆藏地/架位号 | 状态 | 备注 |
| 1 | 0950115 | 209501154 | 第二样本阅览室/ [索取号:H32/115] | 在馆 | |
| 2 | 0950116 | 209501163 | 第四借阅区/ [索取号:H32/115] | 在馆 | |
| 3 | 0950117 | 209501172 | 第四借阅区/ [索取号:H32/115] | 在馆 | |
| 4 | 0950118 | 209501181 | 第四借阅区/ [索取号:H32/115] | 在馆 | |
| 5 | 0950119 | 209501190 | 第四借阅区/ [索取号:H32/115] | 在馆 |